000 01123cam a2200253 4500
001 6045
010 _a9724816281
090 _a6045
100 _a20211231d1992 bc|y0pory5003 ba
200 1 _aOs pequenos polegares
_fcontado por Bruno de La Salle
_gil. Laurence Batigne
_gtrad. Maria Manuel Ortigão de Oliveira
210 9 _aPorto
_cLello & Irmão,
_dimp. 1992
215 _a27, [2] p.
_cil.
_d25 cm
225 2 _aContos de sempre
330 _aDesta vez não temos mais nada, nem para nós nem para eles. Não os posso ver sofrer e muito menos morrer diante de mim. Leva-os para a floresta e abandona-os lá; os animais selvagens se encarregarão deles. O titulo de "Polegarzinho" era antigamente atribuído ao minusculo personagem que hoje se chama " O Pequeno Polegar".
606 _914
_aLiteratura infantil
606 _913
_aLiteratura Estrangeira
675 _a82-93
_vBN
_zpor
675 _a821.1/.8
_vBN
_zpor
700 _aLa Salle
_bBruno de
_95741
702 _aBatigne
_bLaurence
_95742
702 _aOliveira
_bMaria Manuel Ortigão de
_95154
801 0 _aPT
_bBMVN
_gRPC
830 _cAna Caetano
_d31/12/2021
990 _cLIVROS